000 00610nam a2200217Ia 4500
005 20241129104205.0
008 241129s9999||||xx |||||||||||||| ||und||
020 _a9781526468185
037 _aTextual
040 _aRTL
_beng
_cRTL
041 _aeng
_2eng
084 _aXogy R2
_qRTL
100 _aMclevey John
_9725169
245 0 _aDoing computational social science: A practical introduction
_cMclevey John
260 _aLos Angeles
_bSage
_c2022
300 _axvi,667p.
365 _aINR
_b3682.35
650 _aSocial Sciences
942 _cTB
_hXogy R2
999 _c1224806
_d1224806